Daňové príjmy ako rozhodujúci zdroj verejných príjmov v SR bakalárska práca

Uložené v:
Podrobná bibliografia
Hlavný autor: Košťálik, René
Korporativný autor: Národohospodárska fakulta EU. Katedra financií
Ďalší autori: Kitová, Denisa, 1983-
Médium: Kniha
Jazyk:Slovak
Vydavateľské údaje: Bratislava 2010
Tagy: Pridať tag
Žiadne tagy, Buďte prvý, kto otaguje tento záznam!

MARC

LEADER 00000nam$a2200000$$$4500
001 0136441
005 20240320074028.5
041 0 |a slo 
044 |a SK 
245 1 0 |a Daňové príjmy ako rozhodujúci zdroj verejných príjmov v SR  |b bakalárska práca  |c René Košťálik ; školiteľ: Denisa Kitová 
264 1 |a Bratislava  |c 2010 
300 |a 41 s. 
100 1 |a Košťálik, René 
700 1 |a Kitová, Denisa, 1983- 
710 2 |a Národohospodárska fakulta EU. Katedra financií